[Event "Fagernes op"]
[Site "Fagernes"]
[Date "2020.10.10"]
[Round "8"]
[White "Shehzad, Alisha"]
[Black "Erikstad, Olav Age"]
[Result "0-1"]
[WhiteElo "1660"]
[BlackElo "1736"]
[PlyCount "106"]
[EventDate "2020.10.04"]
[EventType "swiss"]
[EventRounds "9"]
[EventCountry "NOR"]
[SourceTitle "EXT 2024"]
[Source "ChessBase"]
[SourceDate "2023.10.10"]
[SourceVersion "1"]
[SourceVersionDate "2023.10.10"]
[SourceQuality "1"]

1. e4 c6 2. d4 d5 3. exd5 cxd5 4. Bd3 Nc6 5. c3 Nf6 6. Bf4 Bg4 7. Qb3 Na5 8. Qa4+ Bd7 9. Qc2 e6 10. Nf3 Qb6 11. Nbd2 Bb5 12. 0-0 Rc8 13. Ne5 Be7 14. Bxb5+ Qxb5 15. h3 Nc6 16. Qb3 Qxb3 17. axb3 a6 18. Rfe1 Nd7 19. Ndf3 f6 20. Nxc6 Rxc6 21. Re2 Kf7 22. Rae1 g5 23. Bh2 h5 24. g4 Nf8 25. Nd2 Ng6 26. f3 Bd6 27. Bxd6 Rxd6 28. Kh2 Nf4 29. Re3 hxg4 30. fxg4 Kg6 31. Rg3 Rd7 32. Ree3 Re7 33. Nf3 Reh7 34. Ng1 f5 35. gxf5+ exf5 36. c4 Kf6 37. Rc3 Nh5 38. Rge3 g4 39. cxd5 Nf4 40. Rc5 Nxh3 41. Re6+ Kg5 42. Re5 Nxg1+ 43. Kxg1 Kf4 44. Kf1 g3 45. d6 Rh1+ 46. Ke2 R8h2+ 47. Kd3 Rd1+ 48. Kc4 Rc2+ 49. Kd5 g2 50. Rxc2 g1Q 51. Rc4 b5 52. Rb4 a5 53. Rxb5 Qxd4+ 0-1

[Event "Oslo CC-chB"]
[Site "Oslo"]
[Date "2018.10.14"]
[Round "4"]
[White "Erikstad, Olav Age"]
[Black "Edakina, Anastasia"]
[Result "1-0"]
[WhiteElo "1749"]
[BlackElo "1661"]
[PlyCount "85"]
[EventDate "2018.09.06"]
[EventType "swiss"]
[EventRounds "9"]
[EventCountry "NOR"]
[SourceTitle "EXT 2024"]
[Source "ChessBase"]
[SourceDate "2023.10.10"]
[SourceVersion "1"]
[SourceVersionDate "2023.10.10"]
[SourceQuality "1"]

1. d4 d5 2. c4 c6 3. Nf3 Nf6 4. Nc3 e6 5. Bg5 Nbd7 6. e3 Be7 7. Qc2 0-0 8. Bd3 dxc4 9. Bxc4 b5 10. Bd3 h6 11. Bh4 a6 12. 0-0 Bb7 13. Rfd1 Qc7 14. Rac1 c5 15. Ne4 c4 16. Nxf6+ Nxf6 17. Ne5 Qd6 18. Be2 Rac8 19. Rd2 Nd5 20. Bg3 Qd8 21. Qd1 Nf6 22. Bh4 Nd5 23. Bxe7 Qxe7 24. Bf3 Nf6 25. Rdc2 Nd5 26. Rd2 Nf6 27. Qe2 Ne4 28. Rdc2 Nf6 29. Ra1 Nd5 30. a4 Nb4 31. Rd2 Nd5 32. Be4 c3 33. Rd3 c2 34. Rc1 Nb4 35. Bxb7 Nxd3 36. Bxc8 Nxc1 37. Qxc2 Na2 38. Nc6 Qc7 39. Bxa6 bxa4 40. Qxa4 Ra8 41. Qb5 Qa7 42. Nxa7 Rxa7 43. Qb8+ 1-0

[Event "Helsingor Xtracon op"]
[Site "Helsingor"]
[Date "2017.07.28"]
[Round "8"]
[White "Joensen, Jon Magnus"]
[Black "Erikstad, Olav Age"]
[Result "0-1"]
[WhiteElo "1600"]
[BlackElo "1781"]
[PlyCount "110"]
[EventDate "2017.07.22"]
[EventType "swiss"]
[EventRounds "10"]
[EventCountry "DEN"]
[SourceTitle "CBM 179 Extra"]
[Source "ChessBase"]
[SourceDate "2017.08.23"]
[SourceVersion "1"]
[SourceVersionDate "2017.08.23"]
[SourceQuality "1"]

1. e4 c6 2. d4 d5 3. exd5 cxd5 4. Bb5+ Bd7 5. Bxd7+ Nxd7 6. Nf3 e6 7. 0-0 Ngf6 8. Bg5 Bd6 9. Re1 Rc8 10. c3 Qc7 11. h3 Ne4 12. Nbd2 Nxg5 13. Nxg5 Nf6 14. Qe2 0-0 15. Rac1 h6 16. Ngf3 Qb6 17. Rb1 Qa5 18. Ra1 b5 19. a3 Qb6 20. Ne5 a5 21. Qd3 Qc7 22. Rac1 Nd7 23. Nxd7 Qxd7 24. Nf3 b4 25. axb4 axb4 26. c4 Bf4 27. Rc2 dxc4 28. Rxc4 Qb5 29. b3 Rfd8 30. Qc2 Qb7 31. Qe4 Qxe4 32. Rxe4 Bd6 33. Re1 Ra8 34. g3 Ra3 35. Rb1 Rda8 36. Rc2 Ra1 37. Rcc1 Rxb1 38. Rxb1 Rc8 39. Kg2 Kf8 40. Nd2 Rc2 41. Rd1 Ke7 42. Kf3 Kd7 43. Ke3 Kc6 44. Rb1 Rc3+ 45. Ke2 Kd5 46. Nf3 Ke4 47. Nd2+ Kxd4 48. Ra1 Rc2 49. Ra8 Kc3 50. Rc8+ Kb2 51. Rxc2+ Kxc2 52. h4 Be7 53. Ke3 Bc5+ 54. Ke2 Bxf2 55. Ne4 Bd4 0-1

[Event "Kragero op"]
[Site "Kragero"]
[Date "2017.02.25"]
[Round "7"]
[White "Gonzalez, Francisco Silva"]
[Black "Erikstad, Olav Age"]
[Result "1-0"]
[WhiteElo "2028"]
[BlackElo "1807"]
[PlyCount "59"]
[EventDate "2017.02.22"]
[EventType "swiss"]
[EventRounds "9"]
[EventCountry "NOR"]
[SourceTitle "CBM 177 Extra"]
[Source "ChessBase"]
[SourceDate "2017.04.27"]
[SourceVersion "1"]
[SourceVersionDate "2017.04.27"]
[SourceQuality "1"]

1. d4 c6 2. c4 d5 3. Nc3 Nf6 4. e3 e6 5. Nf3 Nbd7 6. Bd3 dxc4 7. Bxc4 b5 8. Be2 a6 9. e4 Bb4 10. e5 Ne4 11. Qc2 Nxc3 12. bxc3 Be7 13. Qe4 Bb7 14. a4 Rb8 15. Qg4 Bf8 16. 0-0 Nb6 17. a5 Nd5 18. c4 bxc4 19. Bxc4 g6 20. Bg5 Be7 21. Bh6 c5 22. dxc5 Bxc5 23. Ng5 Qe7 24. Ne4 f5 25. exf6 Nxf6 26. Qg3 Rc8 27. Nxf6+ Qxf6 28. Rae1 Rc6 29. Bd5 Bd6 30. Bxc6+ 1-0

[Event "Kragero op"]
[Site "Kragero"]
[Date "2017.02.23"]
[Round "3"]
[White "Dahl, Trygve"]
[Black "Erikstad, Olav Age"]
[Result "1/2-1/2"]
[WhiteElo "2209"]
[BlackElo "1807"]
[PlyCount "109"]
[EventDate "2017.02.22"]
[EventType "swiss"]
[EventRounds "9"]
[EventCountry "NOR"]
[SourceTitle "CBM 177 Extra"]
[Source "ChessBase"]
[SourceDate "2017.04.27"]
[SourceVersion "1"]
[SourceVersionDate "2017.04.27"]
[SourceQuality "1"]

1. Nf3 Nf6 2. g3 c6 3. Bg2 d5 4. d3 Bf5 5. 0-0 e6 6. Nbd2 Be7 7. Re1 0-0 8. e4 dxe4 9. dxe4 Nxe4 10. c3 Nxd2 11. Bxd2 Qb6 12. Nd4 Bc5 13. Be3 Rd8 14. Qf3 Bg6 15. h4 Nd7 16. h5 Ne5 17. Qe2 Bd3 18. Qd2 Bf5 19. b4 Bxd4 20. Bxd4 Qb5 21. a4 Qd3 22. Qf4 Nc4 23. Bf1 Rxd4 24. cxd4 Qb3 25. g4 Bd3 26. h6 gxh6 27. Qxh6 Bxf1 28. Qg5+ Kh8 29. Qf6+ Kg8 30. Rxf1 Qh3 31. Qf4 Nd2 32. f3 Nxf1 33. Rxf1 f6 34. Rf2 Qh4 35. Qc7 e5 36. Kg2 Re8 37. Qd7 Kf8 38. Qd6+ Kg8 39. Qd7 Kf8 40. dxe5 Rxe5 41. Rd2 Qg5 42. Rd6 Re2+ 43. Kf1 Re7 44. Qd8+ Kf7 45. Rd2 Qf4 46. Qd3 Kg7 47. Kg2 Qxb4 48. Rd1 Qxa4 49. Rh1 Qa2+ 50. Kg3 h6 51. g5 fxg5 52. Qd4+ Kg6 53. Qd3+ Kg7 54. Qd4+ Kg6 55. Qd3+ 1/2-1/2

[Event "Kaunas Butnorius 70 op"]
[Site "Kaunas"]
[Date "2016.08.07"]
[Round "9"]
[White "Erikstad, Olav Age"]
[Black "Arulis, Algimantas I"]
[Result "1/2-1/2"]
[WhiteElo "1814"]
[BlackElo "2090"]
[PlyCount "108"]
[EventDate "2016.08.01"]
[EventType "swiss"]
[EventRounds "9"]
[EventCountry "LTU"]
[SourceTitle "CBM 173 Extra"]
[Source "ChessBase"]
[SourceDate "2016.08.29"]
[SourceVersion "1"]
[SourceVersionDate "2016.08.29"]
[SourceQuality "1"]

1. d4 d5 2. Nf3 c6 3. c4 e6 4. Nc3 dxc4 5. e4 b5 6. g3 Nf6 7. Bg5 h6 8. Bxf6 gxf6 9. e5 Bb7 10. Bg2 f5 11. 0-0 Nd7 12. Nh4 Qc7 13. Ne2 Nb6 14. Nf4 0-0-0 15. Re1 c5 16. d5 Nxd5 17. Nxd5 Bxd5 18. Bxd5 Rxd5 19. Qf3 Qb7 20. Nxf5 exf5 21. Qxf5+ Qd7 22. Qf6 Rg8 23. a4 Rg6 24. Qf3 Qb7 25. e6 b4 26. e7 Bxe7 27. Rxe7 Rd1+ 28. Qxd1 Qxe7 29. Qd5 Kb8 30. Qxc4 Re6 31. Rd1 a6 32. b3 Re4 33. Qxa6 Re1+ 34. Rxe1 Qxe1+ 35. Qf1 Qc3 36. Qb5+ Kc7 37. a5 c4 38. a6 Qe1+ 39. Kg2 Qe4+ 40. f3 Qe2+ 41. Kh3 Qe6+ 42. g4 Qc6 43. Qxb4 Qxf3+ 44. Kh4 Qf2+ 45. Kh3 Qf3+ 46. Kh4 cxb3 47. Qc5+ Kb8 48. Qb6+ Ka8 49. a7 Qb7 50. Qd8+ Kxa7 51. Qa5+ Kb8 52. Qd8+ Ka7 53. Qa5+ Kb8 54. Qd8+ Ka7 1/2-1/2

[Event "Kaunas Butnorius 70 op"]
[Site "Kaunas"]
[Date "2016.08.05"]
[Round "7"]
[White "Erikstad, Olav Age"]
[Black "Zilakauskis, Steponas"]
[Result "1-0"]
[WhiteElo "1814"]
[BlackElo "1538"]
[PlyCount "81"]
[EventDate "2016.08.01"]
[EventType "swiss"]
[EventRounds "9"]
[EventCountry "LTU"]
[SourceTitle "CBM 173 Extra"]
[Source "ChessBase"]
[SourceDate "2016.08.29"]
[SourceVersion "1"]
[SourceVersionDate "2016.08.29"]
[SourceQuality "1"]

1. e4 e6 2. d4 d5 3. e5 c5 4. c3 Qb6 5. Nf3 Nc6 6. Bd3 Bd7 7. 0-0 cxd4 8. cxd4 Nxd4 9. Nxd4 Qxd4 10. Nc3 Qxe5 11. Re1 Qc7 12. Nxd5 Qd8 13. Bf4 Rc8 14. Rc1 Rxc1 15. Qxc1 Be7 16. Bc7 Qc8 17. Qc3 Bf6 18. Nxf6+ Nxf6 19. Qa5 0-0 20. Bd6 Re8 21. Qxa7 Qc6 22. Be5 Qd5 23. Bxf6 gxf6 24. Rd1 Qh5 25. Re1 Qd5 26. Qe3 Qg5 27. Qe4 Qg6 28. Qd4 Qg7 29. Qxd7 Rb8 30. Re3 Kh8 31. Qd6 Rc8 32. Rg3 Qh6 33. f4 e5 34. fxe5 Rc1+ 35. Bf1 Rxf1+ 36. Kxf1 Qc1+ 37. Ke2 Qxb2+ 38. Kf3 Qc3+ 39. Kg4 Qc8+ 40. Kh4 Qf5 41. Qf8# 1-0

[Event "Kaunas Butnorius 70 op"]
[Site "Kaunas"]
[Date "2016.08.02"]
[Round "3"]
[White "Maciulaityte, Barbora"]
[Black "Erikstad, Olav Age"]
[Result "0-1"]
[WhiteElo "1505"]
[BlackElo "1814"]
[PlyCount "65"]
[EventDate "2016.08.01"]
[EventType "swiss"]
[EventRounds "9"]
[EventCountry "LTU"]
[SourceTitle "CBM 173 Extra"]
[Source "ChessBase"]
[SourceDate "2016.08.29"]
[SourceVersion "1"]
[SourceVersionDate "2016.08.29"]
[SourceQuality "1"]

1. e4 c6 2. d4 d5 3. e5 Bf5 4. Nf3 e6 5. Be2 c5 6. c3 Nc6 7. 0-0 Qb6 8. Qd2 Rc8 9. Qf4 cxd4 10. cxd4 Nb4 11. Na3 h6 12. b3 Ne7 13. Qe3 Bg6 14. Nh4 Nf5 15. Nxf5 Bxf5 16. Rd1 Bc2 17. Rd2 Bg6 18. Bb2 Be7 19. Rdd1 0-0 20. Rac1 Nxa2 21. Rxc8 Rxc8 22. Ra1 Nb4 23. Bc3 Nc2 24. Nxc2 Bxc2 25. Ba5 Qxb3 26. Qxb3 Bxb3 27. Rb1 Bc4 28. Bd1 b5 29. f3 Bg5 30. Kf2 Bd3 31. Rb3 Bc2 32. Bxc2 Rxc2+ 33. Kf1 0-1

[Event "Reykjavik op"]
[Site "Reykjavik"]
[Date "2016.03.09"]
[Round "2"]
[White "Erikstad, Olav Age"]
[Black "Johannesson, Oliver Aron"]
[Result "0-1"]
[WhiteElo "1838"]
[BlackElo "2177"]
[PlyCount "46"]
[EventDate "2016.03.08"]
[EventType "swiss"]
[EventRounds "10"]
[EventCountry "ISL"]
[SourceTitle "CBM 171 Extra"]
[Source "ChessBase"]
[SourceDate "2016.04.26"]
[SourceVersion "1"]
[SourceVersionDate "2016.04.26"]
[SourceQuality "1"]

1. d4 d5 2. Nc3 Bf5 3. f3 c5 4. e4 dxe4 5. fxe4 cxd4 6. exf5 dxc3 7. Bb5+ Nc6 8. Qf3 Rc8 9. Ne2 g6 10. Nxc3 Bg7 11. Bd2 Nf6 12. Rd1 0-0 13. Bxc6 Rxc6 14. Be3 Qa5 15. 0-0 a6 16. Rf2 Rc4 17. Qxb7 Ng4 18. Bb6 Qe5 19. Rf3 Qxh2+ 20. Kf1 Qh1+ 21. Ke2 Qxg2+ 22. Bf2 Nxf2 23. Qxa6 Nxd1+ 0-1

[Event "Fagernes TV 2 Elo op"]
[Site "Fagernes"]
[Date "2015.12.29"]
[Round "3"]
[White "Erikstad, Olav Age"]
[Black "Hina, Ariza"]
[Result "1-0"]
[WhiteElo "1821"]
[BlackElo "1364"]
[PlyCount "147"]
[EventDate "2015.12.27"]
[EventType "swiss"]
[EventRounds "9"]
[EventCountry "NOR"]
[SourceTitle "CBM 170 Extra"]
[Source "ChessBase"]
[SourceDate "2016.02.25"]
[SourceVersion "1"]
[SourceVersionDate "2016.02.25"]
[SourceQuality "1"]

1. e4 e5 2. f4 Bc5 3. Nf3 Nc6 4. fxe5 Nxe5 5. Nxe5 Qh4+ 6. g3 Qxe4+ 7. Qe2 Qxh1 8. Ng6+ Kd8 9. Nxh8 Qd5 10. Nc3 Qe6 11. Qxe6 fxe6 12. Nf7+ Ke7 13. Ng5 h6 14. Nge4 Bb6 15. a4 d5 16. Nf2 Bd7 17. b3 Nf6 18. Ba3+ Kf7 19. Nd3 g5 20. Be2 Re8 21. Ne5+ Kg7 22. Nxd7 Nxd7 23. Bh5 Rg8 24. Be7 Bc5 25. Bxc5 Nxc5 26. Nb5 a6 27. Nd4 Kf6 28. 0-0-0 Ke5 29. Ne2 Rf8 30. d4+ Kd6 31. dxc5+ Kxc5 32. Nd4 Kd6 33. Re1 e5 34. Nf3 e4 35. Nd4 Ke5 36. Nf3+ Kd6 37. Nd2 Rf2 38. h3 Rg2 39. Rd1 Ke5 40. Nf1 d4 41. Re1 e3 42. Nxe3 dxe3 43. Rxe3+ Kd4 44. Rd3+ Ke5 45. Bg4 Kf6 46. Bc8 b6 47. Bxa6 Rh2 48. Bc8 Kg6 49. Rd7 Rxh3 50. Rg7+ Kxg7 51. Bxh3 Kf6 52. Kd2 Ke5 53. Ke3 h5 54. Bg2 h4 55. gxh4 gxh4 56. Kf3 Kf5 57. Bh3+ Kg5 58. Ke4 Kf6 59. Kf4 Ke7 60. Kg4 Kd6 61. Kxh4 Kc5 62. Kg5 Kb4 63. Kf4 c5 64. Ke5 b5 65. axb5 Kxb5 66. Kd5 Kb4 67. Bd7 Kc3 68. Kxc5 Kxc2 69. b4 Kd3 70. b5 Ke4 71. b6 Ke5 72. b7 Ke4 73. b8Q Ke3 74. Qb4 1-0

[Event "Fagernes TV 2 Elo op"]
[Site "Fagernes"]
[Date "2015.12.27"]
[Round "1"]
[White "Erikstad, Olav Age"]
[Black "Narheim, Mats"]
[Result "1-0"]
[WhiteElo "1821"]
[BlackElo "1356"]
[PlyCount "59"]
[EventDate "2015.12.27"]
[EventType "swiss"]
[EventRounds "9"]
[EventCountry "NOR"]
[SourceTitle "CBM 170 Extra"]
[Source "ChessBase"]
[SourceDate "2016.02.25"]
[SourceVersion "1"]
[SourceVersionDate "2016.02.25"]
[SourceQuality "1"]

1. e4 c5 2. c3 Nf6 3. e5 Nd5 4. d4 cxd4 5. Na3 Nc6 6. cxd4 e6 7. Nf3 Bxa3 8. bxa3 d6 9. Bd2 dxe5 10. Nxe5 Nxe5 11. dxe5 0-0 12. Qg4 Ne7 13. Rc1 Ng6 14. Qg3 Bd7 15. h4 Rc8 16. Rxc8 Qxc8 17. Bc3 Ne7 18. Be2 Nf5 19. Qh3 Bc6 20. 0-0 Bd5 21. Bb4 Rd8 22. Bc3 Bxa2 23. Rd1 Rxd1+ 24. Bxd1 Qd7 25. Bc2 Nd4 26. Qd3 Ne2+ 27. Qxe2 Qc7 28. Qd3 g6 29. Bb4 Bc4 30. Qd6 1-0

[Event "NOR-ch Class1"]
[Site "Oslo"]
[Date "2015.07.08"]
[Round "6"]
[White "Erikstad, Olav Age"]
[Black "Bohler, Johannes Hova"]
[Result "0-1"]
[WhiteElo "1764"]
[BlackElo "1757"]
[PlyCount "26"]
[EventDate "2015.07.04"]
[EventType "swiss"]
[EventRounds "9"]
[EventCountry "NOR"]
[SourceTitle "EXT 2017"]
[Source "ChessBase"]
[SourceDate "2016.10.25"]
[SourceVersion "1"]
[SourceVersionDate "2016.10.25"]
[SourceQuality "1"]

1. e4 e5 2. Nc3 Bc5 3. Bc4 Nf6 4. f4 d6 5. d3 Ng4 6. f5 h5 7. Qf3 Nc6 8. Qg3 Bf2+ 9. Kf1 Bxg3 10. hxg3 Na5 11. Nf3 Nxc4 12. dxc4 c6 13. Bd2 Qb6 0-1

[Event "Maastricht Limburg op-B 9th"]
[Site "Maastricht"]
[Date "2015.05.25"]
[Round "6"]
[White "Erikstad, Olav Age"]
[Black "Blijlevens, Pim"]
[Result "0-1"]
[WhiteElo "1853"]
[BlackElo "1943"]
[PlyCount "78"]
[EventDate "2015.05.22"]
[EventType "swiss"]
[EventRounds "7"]
[EventCountry "NED"]
[SourceTitle "EXT 2016"]
[Source "ChessBase"]
[SourceDate "2015.10.08"]
[SourceVersion "1"]
[SourceVersionDate "2015.10.08"]
[SourceQuality "1"]

1. e4 e6 2. d4 d5 3. e5 c5 4. c3 Nc6 5. Nf3 Bd7 6. Bd3 Qc7 7. 0-0 cxd4 8. cxd4 Nb4 9. Nc3 Nxd3 10. Qxd3 Ne7 11. Bd2 a6 12. Rac1 Qb8 13. Rfe1 b5 14. a3 Qb6 15. Be3 Nc6 16. h4 0-0-0 17. Bg5 Re8 18. Bd2 Kb7 19. Be3 Rc8 20. Ng5 f6 21. exf6 gxf6 22. Nf7 Rg8 23. Qxh7 Ne7 24. Qd3 Nf5 25. Bf4 Rc4 26. Ne2 Be8 27. Nd6+ Bxd6 28. Bxd6 Qxd6 29. Ng3 Bg6 30. h5 Nxg3 31. hxg6 Nf5 32. Rxc4 bxc4 33. Qh3 Rxg6 34. g4 Rh6 35. Qg2 Nxd4 36. Re3 Qf4 37. b4 Nc2 38. Rxe6 Qc1+ 39. Qf1 Rh1+ 0-1